|
|
|
|
| LEADER |
02075nam a2200505 a 4500 |
| 001 |
nkc20102107834 |
| 003 |
CZ PrNK |
| 005 |
20100909120933.0 |
| 007 |
ta |
| 008 |
100617s2010 xr f 100 0 eng |
| 015 |
|
|
|a cnb002107834
|
| 020 |
|
|
|a 978-80-7375-403-7
|q (brož.)
|
| 035 |
|
|
|a (OCoLC)655155765
|
| 040 |
|
|
|a ABA001
|b cze
|
| 041 |
0 |
|
|a eng
|a cze
|
| 072 |
|
7 |
|a 636.09
|x Veterinární lékařství
|2 Konspekt
|9 24
|
| 080 |
|
|
|a 591.1
|2 MRF
|
| 080 |
|
|
|a 636.09:616
|2 MRF
|
| 080 |
|
|
|a (062.534)
|2 MRF
|
| 080 |
|
|
|a (048.3)
|2 MRF
|
| 111 |
2 |
|
|a Animal Physiology (konference)
|d (2010 :
|c Valtice, Česko)
|7 uzp2010580219
|
| 245 |
1 |
0 |
|a Animal Physiology 2010 :
|b proceedings of international conference : May 27-28th 2010, Valtice, Czech Republic /
|c [editors Aleš Pavlík, Petr Sláma, Petr Škarpa]
|
| 260 |
|
|
|a Brno :
|b Mendel University,
|c [2010]
|
| 300 |
|
|
|a 101 s. ;
|c 21 cm
|
| 500 |
|
|
|a Nad názvem: Department of Animal Morphology, Physiology and Genetics, Faculty of Agronomy, Mendel University in Brno
|
| 500 |
|
|
|a 135 výt.
|
| 546 |
|
|
|a Část. český text
|
| 650 |
0 |
7 |
|a veterinární fyziologie
|7 ph127051
|2 czenas
|
| 650 |
0 |
7 |
|a veterinární patologie
|7 ph127058
|2 czenas
|
| 650 |
0 |
9 |
|a veterinary physiology
|2 eczenas
|
| 650 |
0 |
9 |
|a veterinary pathology
|2 eczenas
|
| 655 |
|
7 |
|a sborníky konferencí
|7 fd133333
|2 czenas
|
| 655 |
|
7 |
|a abstrakta
|7 fd131780
|2 czenas
|
| 655 |
|
9 |
|a proceedings of conferences
|2 eczenas
|
| 655 |
|
9 |
|a abstracts
|2 eczenas
|
| 700 |
1 |
|
|a Pavlík, Aleš,
|d 1978-
|7 xx0031867
|4 edt
|
| 700 |
1 |
|
|a Sláma, Petr,
|d 1979-
|7 stk2007383506
|4 edt
|
| 700 |
1 |
|
|a Škarpa, Petr,
|d 1977-
|7 xx0044622
|4 edt
|
| 710 |
2 |
|
|a Mendelova univerzita.
|b Ústav morfologie, fyziologie a genetiky zvířat
|7 uzp2010580224
|
| 856 |
4 |
1 |
|u http://www.digitalniknihovna.cz/mzk/uuid/uuid:bd6e17a0-59e1-11e4-bc71-005056827e52
|y Digitalizovaný dokument
|x NDK
|
| 910 |
2 |
|
|a BOA001
|b 2-1244.372
|
| 990 |
|
|
|a BK
|
| 995 |
|
|
|a 01
|
| 991 |
|
|
|b 201007
|c NOV
|
| 996 |
6 |
|
|b 2610440218
|c 2-1244.372
|l MZK
|r Sklad / do 1 hodiny
|n 11
|p p.v.
|w 001126744
|u 000010
|a 1
|e BOA001
|j MZK50
|s P
|